000 00237 a2200097 4500
001 20937
100 _aInternational Labor Organization
245 _aIntroduction to work study
260 _a
_bInt Labour Of
_c1969
090 _c15056
_d15056
942 _aNUST-CAE
_cM
_c5621
999 _c256010
_d256010